| 000 | 01540cam a2200589 4500 | ||
|---|---|---|---|
| 008 | 090401t1989 xxu||||| |||| 00| 0 eng d | ||
| 020 | _a0415043891 | ||
| 035 | _a(Sirsi) u20616 | ||
| 041 | _aeng | ||
| 050 | _a333.332 | ||
| 100 | _aBaum, Andrew | ||
| 245 | 4 | _aThe income approach to property valuation | |
| 250 | _a3rd ed. | ||
| 260 |
_aLondon _bRoutledge _c1989 |
||
| 300 | _axiv,252p. ; 22cm. | ||
| 350 | _a12.99 | ||
| 520 | _aThis edition by David Mackmin. | ||
| 650 | _aCAPITAL GAINS TAX | ||
| 650 | _aCAPITALISATION RATE | ||
| 650 | _aCAPITALISATION | ||
| 650 | _aCASH FLOW APPROACH | ||
| 650 | _aCOMPUTER SOFTWARE | ||
| 650 | _aDEVELOPMENT APPRAISAL | ||
| 650 | _aDIRECT CAPITAL COMPARISON | ||
| 650 | _aDISCOUNTED CASH FLOW | ||
| 650 | _aEQUATED YIELDS | ||
| 650 | _aEQUIVALENT YIELDS | ||
| 650 | _aFREEHOLDS | ||
| 650 | _aINTERNAL RATE OF RETURN | ||
| 650 | _aINVESTMENT METHOD | ||
| 650 |
_aLANDLORD AND TENANT _96252 |
||
| 650 | _aLEASEHOLDS | ||
| 650 | _aMARRIAGE VALUE | ||
| 650 | _aMATHEMATICS | ||
| 650 | _aOPEN MARKET VALUE | ||
| 650 | _aPREMIUMS | ||
| 650 | _aREGRESSION ANALYSIS | ||
| 650 | _aRENT REVIEWS | ||
| 650 | _aRESIDUAL METHOD | ||
| 650 | _aRISK | ||
| 650 | _aSENSITIVITY ANALYSIS | ||
| 650 | _aSINKING FUNDS | ||
| 650 | _aTERM AND REVERSION | ||
| 650 | _aTOILET PODS | ||
| 650 | _aVALUATION TABLES | ||
| 650 | _aVIABILITY | ||
| 650 | _aYEARS PURCHASE | ||
| 650 | _aYIELDS | ||
| 700 | _aMackmin, David | ||
| 942 | _n0 | ||
| 948 | _c04/03/1997 | ||
| 999 |
_c87849 _d87849 |
||